| 000 | nam a22 a 4500 | ||
|---|---|---|---|
| 999 |
_c417244 _d417244 |
||
| 003 | BLK | ||
| 005 | 20221208031106.0 | ||
| 008 | 210601b bu |||||r|||| 00| | bu d | ||
| 040 | _aBLK | ||
| 041 |
_aFRE _cFRE |
||
| 080 |
_aМедицина _b61 _x: 34 _z61: 34 |
||
| 100 |
_91299 _aBriand, Joseph _eпърви автор |
||
| 139 | _aBriand, Joseph | ||
| 245 |
_a Manuel complet de médecine légale ou Résumé des meilleurs ouvrages publiés à ce jour sur cette matière et des jugements et arrêts les plus récents _cJ Briand; Ernest Chaudé; J Bouis _nТ. 2 |
||
| 250 | _a10. éd | ||
| 260 |
_9217409 _aParis _bLibr. J.-B. Bailliere et Fils _c1880 |
||
| 300 | _c26 см | ||
| 380 | _a61 | ||
| 490 |
_9435080 _aКолекция Редки и ценни издания |
||
| 650 | 7 |
_9172903 _aСъдебна медицина |
|
| 653 | 7 |
_9197808 _aсъдебна медицина |
|
| 653 | 7 |
_9195943 _aръководства |
|
| 700 |
_aChaudé,Ernest _eсъавт. _91445 |
||
| 760 |
_h906 с. _oТ. 2 |
||
| 852 |
_aРф 880 _bРц |
||
| 942 |
_cKNG _n0 _s1 |
||
| 944 |
_aCR _c2021-06-01 _kХристина Везирева |
||
| 999 | _d417243 | ||